000 00737nam a22002417a 4500
005 20170124110056.0
010 _aA-826823
020 _c00.00
_a007463139
035 _aA-826823
037 _bCen Lib/Ret
040 _aDPL
_bEN
082 _a657.45
_bGUP
100 _aGupta, Kamal
_9102482
245 _aFundamentals of auditing /
_cby Kamal Gupta [and] Ashok Arora
260 _aNew Delhi
_bTata McGraw-Hill Publishing Company
_c1997
270 _bNew Delhi
_a4/12 asaf ali road
_e110002
300 _axii, 648p.
_c21cm(Hb)
500 _aIncludes index
650 _aAuditing
_9102483
650 _aConcepts, fundamentals
_9102484
700 _aArora, Ashok
_934288
942 _2ddc
_cEN
_h657.45
_mGUP
999 _c129445
_d129445